000 00195nam a2200085Ia 4500
008 120527s9999 xx 000 0 und d
100 _aAdler, j. philip
245 _aWorld Civilization
942 _cBK
999 _c27718
_d27718